| 000 | 00347nam a22001337a 4500 | ||
|---|---|---|---|
| 003 | SGT | ||
| 082 |
_a615 _bS96H |
||
| 100 | _aHANDA, S.S & KAUL, M.K, ED | ||
| 245 | _aSUPPLEMENT TO CULTIVATION AND UTILIZATION OF MEDICINAL PLANTS | ||
| 260 |
_aNEW DELHI _bR R L -CSIR _c1996 |
||
| 300 | _a849 | ||
| 650 | _aPHARMACY MEDICINAL PLANT | ||
| 942 |
_2ddc _cBK |
||
| 999 |
_c9640 _d9640 |
||